|
|
|
|
| LEADER |
01030cam a2200253 7i4500 |
| 001 |
0000026334 |
| 005 |
20110531090000.0 |
| 022 |
0 |
0 |
|a 1985367X
|
| 090 |
0 |
0 |
|a M 338.4791025
|b TEL
|
| 110 |
2 |
0 |
|a Telekom Malaysia Company
|
| 245 |
2 |
0 |
|a Malaysia tourist pages 2010/ 2011.
|
| 260 |
0 |
0 |
|a Kuala Lumpur:
|b Telekom Publication,
|c 2010.
|
| 300 |
# |
# |
|a 192 p.
|
| 650 |
0 |
0 |
|a Travel --
|z Malaysia
|
| 650 |
0 |
0 |
|a Tourism --
|z Malaysia
|
| 650 |
0 |
0 |
|a Telephone directories --
|x Yellow pages --
|z Malaysia
|
| 651 |
0 |
0 |
|a Malaysia
|
| 999 |
|
|
|a JHR000255H
|b Directories
|c Malaysia
|e MATRADE Southern Regional Office
|
| 999 |
|
|
|a 0000028570
|b Directories
|c Malaysia
|e Business Information Centre
|
| 999 |
|
|
|a 0000028571
|b Directories
|c Malaysia
|e Business Information Centre
|
| 999 |
|
|
|a PNG000963H
|b Directories
|c Malaysia
|e MATRADE Northern Regional Office
|
| 999 |
|
|
|a SBH000930H
|b Directories
|c Malaysia
|e MATRADE Sabah
|
| 999 |
|
|
|a SRW000362H
|b Directories
|c Malaysia
|e MATRADE Sarawak
|
| 999 |
|
|
|a TRG000244H
|b Directories
|c Malaysia
|e MATRADE Eastern Regional Office
|